Finish the lyrics (english) - Statistiken

Allgemein
  • Dieses Quiz wurde 100 mal gespielt
  • Das Durchschnittsergebnis liegt bei 5 aus 13
Antwortstatistiken
Lyrics Artist Antwort % Korrekt
save your... The Weeknd tears for another day
78%
I know I can treat you better... Shawn Mendes than he can
71%
I'm friends with the monster... Rihanna that's under my bed
55%
'Cause we gon' rock this club We gon' go all night We gon' light it up Taio Cruz Like it's dynamite
52%
And the people, they were dancin'... Amy MacDonald to the music vibe
44%
Oh, simple thing,... Keane where have you gone?
41%
Yeah, is it too late now to say sorry?... Justin Bieber 'Cause I'm missing more than just your body
34%
We just wanna make the world dance... Jessie J Forget about the price tag
34%
Girl, I got you so high,... Sean Paul and I know you like
24%
That's why I need a one dance... Drake Got a Hennessy in my hand
20%
And I don't even need your love But you treat me like a stranger,... Gotye and that feels so rough
18%
Take me away Natasha Bedingfield a secret place
13%
I'm gonna live like... Sia tomorrow doesn't exist
11%
Keine übereinstimmenden Quizze gefunden
Verteilung der Resultate
Anzahl Personen mit jedem Resultat
Perzentil nach korrekt beantworteten Fragen
Ihre Resultats-Entwicklung
Sie haben dieses Quiz noch nicht gespielt